1944 1194 1653 1473 1016 1551 1738 1101 1196 1098 1233 1033 1819 1686 1696 1388 1846 1093 1212 1297 1476 1551 1514 1431 1731 1589 1912 1594 1030 1558 1002 1365 1530 1346 1026 1972 1492 1716 1174 1717 1676 1870 1929 1319 1743 1685 1824 1592 1509 1096 1582 1037 1590 1081 1901 1669 1104 1164 1001 1992 1360 1488 1727 1538 1018 1772 1702 1675 1563 1055 1554 1039 1262 1692 1687 1007 1359 1231 1575 1322 1404 1194 1903 1397 1625 1929 1176 1839 1171 1703 1212 1905 1204 1658 1906 1373 1072 1416 1436 BCNSPRNW ULIB Ver.6.0+V

เปลี่ยนเป็นภาษาไทย

Change to English
 แสดงรายละเอียดบรรณานุกรม
  กลับหน้าหลัก

Brief Record : Get Marc (ISO 2709) : E-mail record : QR code < ปิดหน้าต่าง
LEADER : 00000nam 2200000uu 4500
001    13399124867
003     ULIB
008    160421s2556||||th 000 0 tha d
020    ^a9789746728423
060  4 ^aWB115^bบ48ภ ล.1
100    ^aบุษยามาส ชีวสกุลยง
245    ^aภาวะฉุกเฉินทางอายุรศาสตร์ เล่ม 1/^cบุษยามาส ชีวสกุลยง
250    ^aพิมพ์ครั้งที่ 1
260    ^aเชียงใหม่ :^bภาควิชาอายุรศาสตร์ คณะแพทยศาสตร์ ม.เชียงใหม่,^c2556
300    ^a427 หน้า
650    ^aภาวะฉุกเฉินทางอายุรศาสตร์
700    ^aชัยยุทธ เจริญธรรม
945    ^p350^l0^i23391
945    ^p350^l0^i23392
945    ^p350^l0^i23393
945    ^p350^l0^i23394
945    ^p350^l0^i23395
999    ^aทศพร เกษรทอง
รายการนี้ยังไม่มีแท็ก
คุณยังไม่ได้ล็อกอิน คุณสามารถมีกิจกรรมร่วมกับเว็บไซต์ได้ แต่ต้องล็อกอินก่อน ::
  ล็อกอิน

รายการสื่อสารสนเทศ

ลำดับที่ ประเภท เลขเรียก/บาร์โค้ด สถานที่ สถานะ
1. วิทยาศาสตร์การแพทย์ และสุขภาพ
วิทยาศาสตร์การแพทย์ และสุขภาพ
สถานะ=หนังสือเก่า
WB115 บ48ภ ล.1 ฉ.1 
  Barcode: 23391
ห้องสมุดวิทยาเขตนครสวรรค์
►ส่วนจัดเก็บหนังสือเก่า นว.
บนชั้น
  ขอยืม
2. วิทยาศาสตร์การแพทย์ และสุขภาพ
วิทยาศาสตร์การแพทย์ และสุขภาพ
สถานะ=หนังสือเก่า
WB115 บ48ภ ล.1 ฉ.2 
  Barcode: 23392
ห้องสมุดวิทยาเขตนครสวรรค์
►ส่วนจัดเก็บหนังสือเก่า นว.
บนชั้น
  ขอยืม
3. วิทยาศาสตร์การแพทย์ และสุขภาพ
วิทยาศาสตร์การแพทย์ และสุขภาพ
สถานะ=หนังสือเก่า
WB115 บ48ภ ล.1 ฉ.3 
  Barcode: 23393
ห้องสมุดวิทยาเขตนครสวรรค์
►ส่วนจัดเก็บหนังสือเก่า นว.
บนชั้น
  ขอยืม
4. วิทยาศาสตร์การแพทย์ และสุขภาพ
วิทยาศาสตร์การแพทย์ และสุขภาพ
สถานะ=หนังสือเก่า
WB115 บ48ภ ล.1 ฉ.4 
  Barcode: 23394
ห้องสมุดวิทยาเขตนครสวรรค์
►ส่วนจัดเก็บหนังสือเก่า นว.
บนชั้น
  ขอยืม
5. วิทยาศาสตร์การแพทย์ และสุขภาพ
วิทยาศาสตร์การแพทย์ และสุขภาพ
สถานะ=หนังสือเก่า
WB115 บ48ภ ล.1 ฉ.5 
  Barcode: 23395
ห้องสมุดวิทยาเขตนครสวรรค์
►ส่วนจัดเก็บหนังสือเก่า นว.
บนชั้น
  ขอยืม

รายการใกล้เคียง
    ผู้แต่ง [บุษยามาส ชีวสกุลยง]

    หัวเรื่อง [ภาวะฉุกเฉินทางอายุรศาสตร์]

BibComment


ยังไม่เคยถูกคอมเมนท์

คอมเมนท์ทรัพยากรรายการนี้
  คอมเมนท์: ภาวะฉุกเฉินทางอา..


 Copyright 2026. Bcnsprnw @Library